| 000 | 00589nam a2200193 a 4500 | ||
|---|---|---|---|
| 005 | 20240601063719.0 | ||
| 008 | 030319s20002007mx r 000 0 spa d | ||
| 020 | _a9682441943 | ||
| 035 | _aUPN01000123075 | ||
| 049 | _aCG | ||
| 050 | 4 |
_aLB1032 _bL7.3 |
|
| 100 | 1 |
_aLópez Calva, Juan Martín _933806 |
|
| 245 | 1 | 0 |
_aDinámica de grupos en el aula : _buna perspectiva humanista / _cJ. Martín López Calva. |
| 260 |
_aMéxico : _bTrillas, _c2000 (2007 impr.). |
||
| 300 | _a108 p. | ||
| 650 | 4 |
_aTrabajo en grupos (Educación) _94098 |
|
| 650 | 4 |
_aPsicopedagogía _95085 |
|
| 905 | _aLibro | ||
| 999 |
_c95256 _d95256 |
||